Introduction to sociology/ (Record no. 11367)

MARC details
000 -LEADER
fixed length control field 00618nam a22002177a 4500
005 - DATE AND TIME OF LATEST TRANSACTION
control field 20260515114928.0
008 - FIXED-LENGTH DATA ELEMENTS--GENERAL INFORMATION
fixed length control field 220921b ||||| |||| 00| 0 eng d
020 ## - INTERNATIONAL STANDARD BOOK NUMBER
International Standard Book Number 9789382976943
040 ## - CATALOGING SOURCE
Original cataloging agency IN-DiNC
Transcribing agency IN-DiNC
041 ## - LANGUAGE CODE
Language code of sung or spoken text eng
082 ## - DEWEY DECIMAL CLASSIFICATION NUMBER
Classification number 301
Item number DAS
100 ## - MAIN ENTRY--PERSONAL NAME
Personal name Dasgupta, Piyali
Relator term author
245 ## - TITLE STATEMENT
Title Introduction to sociology/
Statement of responsibility, etc. by Piyali Dasgupta and Dipankar Sarmah
250 ## - EDITION STATEMENT
Edition statement 1st ed.
260 ## - PUBLICATION, DISTRIBUTION, ETC.
Place of publication, distribution, etc. Golaghat:
Name of publisher, distributor, etc. Saraswati prakashan,
Date of publication, distribution, etc. 2019
300 ## - PHYSICAL DESCRIPTION
Extent 156p.
650 ## - SUBJECT ADDED ENTRY--TOPICAL TERM
Topical term or geographic name entry element Nature and scope of sociology
650 ## - SUBJECT ADDED ENTRY--TOPICAL TERM
Topical term or geographic name entry element Sociological concepts
700 ## - ADDED ENTRY--PERSONAL NAME
Personal name Sarmah, Dipankar
Relator term author
942 ## - ADDED ENTRY ELEMENTS (KOHA)
Source of classification or shelving scheme Dewey Decimal Classification
Koha item type Books
Holdings
Withdrawn status Lost status Source of classification or shelving scheme Damaged status Not for loan Collection Home library Current library Shelving location Date acquired Cost, normal purchase price Total checkouts Full call number Barcode Date last seen Copy number Price effective from Koha item type Date last checked out
    Dewey Decimal Classification       Naharkatiya College Library Naharkatiya College Library General stacks 09/21/2022 180.00   301 DAS 29052 09/21/2022 1 09/21/2022 Books  
    Dewey Decimal Classification       Naharkatiya College Library Naharkatiya College Library General stacks 09/21/2022 180.00 1 301 DAS 29053 10/11/2022 2 09/21/2022 Books 10/11/2022